Obálka Náhled e-knihy:
PDF Epub
Pro půjčování e-knih musíte být přihlášeni.
Jak si půjčit online?

Rodina Monetových. 2, Princezna /

Druhý svazek bestsellerové knižní řady, kterou si zamilovaly tisíce čtenářek a čtenářů na celém světě.

Uloženo v:
Série:Rodina Monetových, část 2
Hlavní autor: Marczak, Weronika Anna, 1996- (Autor)
Další autoři: Veselka, Martin, 1987- (Autor)
Médium: E-kniha
Jazyk:Czech
Vydáno: Praha : Dobrovský s.r.o., 2025
Edice:King Cool
Témata:
Příbuzné jednotky:Z cyklu:: Rodina Monetových
Tagy:
Žádné tagy
LEADER 02626nam a2200529 i 4500
001 312789
003 CZ PrSKC
005 20260601215729.0
007 ta
008 250815s2025 xr d 000 f cze
015 |a cnb003704547 
020 |a 9788027724932  |q (brožováno) :  |c Kč 499,00 
035 |a (OCoLC)1559932498 
040 |a ABG001  |b cze  |d BOA001  |e rda 
041 1 |a cze  |h pol 
072 7 |a 821.162.1  |x Polská literatura  |2 Konspekt 
072 7 |a 821-93  |x Literatura pro děti a mládež (beletrie)  |2 Konspekt 
080 |a 821.162.1-31  |2 MRF 
080 |a 821-93-053.67  |2 MRF 
080 |a 821-93  |2 MRF 
080 |a (0:82-31)  |2 MRF 
100 1 |a Marczak, Weronika Anna,  |d 1996-  |7 xx0328165  |4 aut 
240 1 0 |a Królewna.  |l Česky 
245 1 0 |a Rodina Monetových.  |n 2,  |p Princezna /  |c Weronika Anna Marczak ; přeložil Martin Veselka 
246 3 0 |a Princezna 
264 1 |a Praha :  |b Dobrovský s.r.o.,  |c 2025 
300 |a 442 stran ;  |c 20 cm 
336 |a text  |b txt  |2 rdacontent 
337 |a bez média  |b n  |2 rdamedia 
338 |a svazek  |b nc  |2 rdacarrier 
490 1 |a King Cool 
500 |a Přeloženo z polštiny 
520 2 |a Druhý svazek bestsellerové knižní řady, kterou si zamilovaly tisíce čtenářek a čtenářů na celém světě.  |b Rodinná dovolená v Thajsku se pro Hailie stává předzvěstí nové a přívětivější kapitoly v dívčině životě. Idyla však netrvá dlouho. Na rajském ostrově totiž na Hailie čeká cizí a podezřele vyhlížející muž. Kdo je ten tajemný člověk? Proč mu tak záleží na tom, aby se vetřel do její přízně? A jaký je skutečný cíl výpravy do exotických končin? Nakladatelská anotace. Kráceno. 
655 7 |a polské romány  |7 fd133084  |2 czenas 
655 7 |a literatura young adult  |7 fd1185572  |2 czenas 
655 7 |a publikace pro mládež  |7 fd133157  |2 czenas 
655 9 |a Polish fiction  |2 eczenas 
655 9 |a young adult literature  |2 eczenas 
655 9 |a juvenile literature  |2 eczenas 
700 1 |a Veselka, Martin,  |d 1987-  |7 xx0164689  |4 trl 
787 0 8 |i Z cyklu:  |t Rodina Monetových  |g 2 
830 0 |a King Cool 
900 |a ABA001  |b 20 
044 |a xr 
910 |a RBIT002 
998 |d 421936  |a https://core.palmknihy.cz/api/books/421936/cover?t18jru  |b https://core.palmknihy.cz/api/books/421936/cover/400?t18jru  |c https://core.palmknihy.cz/api/books/421936/cover/50?t18jru  |e 2030-07-30  |g 448  |i 9788027724932  |j https://core.palmknihy.cz/api/books/421936/preview.epub  |k https://core.palmknihy.cz/api/books/421936/preview.pdf  |l   |q 49  |r 1  |s https://www.palmknihy.cz/kniha/421936  |t ebook  |y 2025  |z 0  |v Rodina Monetových  |w 2 
999 |d 312787